America : (Record no. 13248)
[ view plain ]
| 000 -LEADER | |
|---|---|
| fixed length control field | 00454pam a2200169 a 4500 |
| 020 ## - INTERNATIONAL STANDARD BOOK NUMBER | |
| ISBN | 0393963705 (pbk. : v. 1) |
| 020 ## - INTERNATIONAL STANDARD BOOK NUMBER | |
| ISBN | 0393963713 (v. 2) |
| 040 ## - CATALOGING SOURCE | |
| Transcribing agency | DLC |
| 082 00 - DEWEY DECIMAL CLASSIFICATION NUMBER | |
| Classification number | 973 WWN 1993 A101 Or. |
| 100 1# - MAIN ENTRY--AUTHOR NAME | |
| Personal name | Tindall, George Brown. |
| 245 10 - TITLE STATEMENT | |
| Title | America : |
| Remainder of title | a narrative history / |
| 250 ## - EDITION STATEMENT | |
| Edition statement | Brief 3rd ed. |
| 260 ## - PUBLICATION, DISTRIBUTION, ETC. (IMPRINT) | |
| Place of publication | New York : |
| Name of publisher | W.W. Norton, |
| Year of publication | c1993- |
| 300 ## - PHYSICAL DESCRIPTION | |
| Number of Pages | v. <1 > : |
| Other physical details | ill., maps ; |
| Dimensions | 22 cm. |
| 700 1# - ADDED ENTRY--PERSONAL NAME | |
| Personal name | Shi, David E. |
| 942 ## - ADDED ENTRY ELEMENTS (KOHA) | |
| Koha item type | សៀវភៅភាសាអង់គ្លេស |
| 952 ## - LOCATION AND ITEM INFORMATION (KOHA) | |
| Withdrawn status [LOCAL, KOHA] | 0 |
| Permanent Location | Date acquired | Koha item type | Lost status | Shelving location | Barcode | Current Location | Full call number |
|---|---|---|---|---|---|---|---|
| Library Block A | 2017-08-22 | សៀវភៅភាសាអង់គ្លេស | A101 | A16726 | Library Block A | 973 WWN 1993 A101 Or. |